Japan 2014 FIFA World Cup Squad - Statistics

General Stats
  • This quiz has been taken 16 times
  • The average score is 17 of 23
Answer Stats
Hint Position Answer % Correct
1 GK Eiji Kawashima
100%
4 MF Keisuke Honda
100%
22 DF Maya Yoshida
100%
10 MF Shinji Kagawa
100%
9 FW Shinji Okazaki
100%
5 DF Yuto Nagatomo
100%
7 MF Yasuhito Endo
89%
15 DF Yasuyuki Konno
89%
2 DF Atsuto Uchida
78%
3 DF Gotoku Sakai
78%
21 DF Hiroki Sakai
78%
17 MF Makoto Hasebe
78%
23 GK Shuichi Gonda
78%
18 FW Yuya Osako
78%
16 MF Hotaru Yamaguchi
67%
6 DF Masato Morishige
67%
12 GK Shusaku Nishikawa
67%
11 FW Yoichiro Kakitani
67%
13 FW Yoshito Okubo
56%
8 MF Hiroshi Kiyotake
44%
14 MF Toshihiro Aoyama
44%
20 FW Manabu Saito
33%
19 DF Masahiko Inoha
33%
No matching quizzes found
Score Distribution
Percent of People with Each Score
Percentile by Number Answered
Your Score History
You have not taken this quiz